Inside the robot kingdom : Japan, mechatronics, and the coming robotopia
Αποθηκεύτηκε σε:
| Κύριος συγγραφέας: | |
|---|---|
| Μορφή: | Βιβλίο |
| Γλώσσα: | Undetermined |
| Έκδοση: |
Tokyo
Kodansha International
1988
|
| Θέματα: | |
| Ετικέτες: |
Προσθήκη ετικέτας
Δεν υπάρχουν, Καταχωρήστε ετικέτα πρώτοι!
|
| Thư viện lưu trữ: | Trung tâm Học liệu Trường Đại học Cần Thơ |
|---|
| LEADER | 00574nam a2200205Ia 4500 | ||
|---|---|---|---|
| 001 | CTU_95480 | ||
| 008 | 210402s9999 xx 000 0 und d | ||
| 082 | |a 338.06 | ||
| 082 | |b S363 | ||
| 100 | |a Schodt, Frederik L. | ||
| 245 | 0 | |a Inside the robot kingdom : | |
| 245 | 0 | |b Japan, mechatronics, and the coming robotopia | |
| 245 | 0 | |c Frederik L. Schodt | |
| 260 | |a Tokyo | ||
| 260 | |b Kodansha International | ||
| 260 | |c 1988 | ||
| 650 | |a Mechatronics,Robotics | ||
| 650 | |z Japan,Japan | ||
| 904 | |i Năm | ||
| 980 | |a Trung tâm Học liệu Trường Đại học Cần Thơ | ||